Vliv nízké pracovní intenzity na chudobu v České republice a Slovenské republice

Ukazovatele chudoby a pracovné intenzity v šetrení EÚ-SILC. Vývoj ukazovateľov pracovnej intenzity a chudoby v stredoeurópskom kontexte.

Salvato in:
Dettagli Bibliografici
Autore principale: Mysíková, Martina
Altri autori: Večerník, Jiří, Želinský, Tomáš
Natura: Capitolo di libro
Lingua:ceco
Soggetti:
Tags: Aggiungi Tag
Nessun Tag, puoi essere il primo ad aggiungerne!!

MARC

LEADER 00000naa a2200000 4500
001 0208303
005 20231208074330.0
041 0 |a cze 
044 |a SK 
245 1 0 |a Vliv nízké pracovní intenzity na chudobu v České republice a Slovenské republice  |c Martina Mysíková, Jiří Večerník, Tomáš Želinský 
520 |a Ukazovatele chudoby a pracovné intenzity v šetrení EÚ-SILC. Vývoj ukazovateľov pracovnej intenzity a chudoby v stredoeurópskom kontexte. 
610 2 0 |a trh práce 
610 2 0 |a Slovensko 
610 2 0 |a Česko 
610 2 0 |a analýza regresná 
610 2 0 |a stredná Európa 
610 2 0 |a chudoba 
100 1 |a Mysíková, Martina 
700 1 |a Večerník, Jiří 
700 1 |a Želinský, Tomáš